[Event "New Delhi Skillcraft op 1st"]
[Site "New Delhi"]
[Date "2024.11.17"]
[Round "3"]
[White "Jena, Suhana"]
[Black "Sanchit, Anand"]
[Result "0-1"]
[WhiteElo "1655"]
[BlackElo "1960"]
[PlyCount "102"]
[EventDate "2024.11.16"]
[EventType "swiss"]
[EventRounds "9"]
[EventCountry "IND"]
[SourceTitle "CB47_2024"]
[SourceDate "2024.11.20"]
[SourceVersion "1"]
[SourceVersionDate "2024.11.20"]
[SourceQuality "1"]

1. d4 Nf6 2. Bf4 d5 3. e3 c5 4. c3 Nc6 5. Nd2 cxd4 6. exd4 Bf5 7. Ngf3 e6 8. Bb5 Qb6 9. Qb3 Nd7 10. 0-0 a6 11. Ba4 Qxb3 12. axb3 Rc8 13. b4 Bd3 14. Rfe1 Be7 15. Re3 Bf5 16. b5 axb5 17. Bxb5 0-0 18. Nb3 Ra8 19. Ree1 Rfc8 20. h3 Bc2 21. Nbd2 Nb6 22. Nf1 Ba4 23. Bd3 Na5 24. N3d2 Nac4 25. b3 Nxd2 26. Bxd2 Bxb3 27. Rxa8 Rxa8 28. Rb1 Bc4 29. Bxc4 Nxc4 30. Rxb7 Bd6 31. Rb1 Ra2 32. Be1 Re2 33. Ra1 f6 34. Nh2 Ba3 35. Kf1 Rc2 36. Nf3 h5 37. Ng1 g5 38. Ne2 h4 39. g3 hxg3 40. Nxg3 Kf7 41. Ne2 Kg6 42. Rd1 Rb2 43. Ra1 f5 44. Rd1 f4 45. Ng1 Rc2 46. Nf3 Bb2 47. Rd3 Kf5 48. Nd2 Nd6 49. Nb1 Rc1 50. Nd2 Bxc3 51. f3 Nb5 0-1